Statistics for Longest Rivers

Click here to take the quiz!

General Stats

  • This quiz has been taken 21 times
  • The average score is 15 of 25

Answer Stats

RankAnswer% Correct
2Amazon
100%
4Mississippi
100%
1Nile
100%
6Yellow River
90%
18Volga
85%
3Yangtze
85%
9Congo
80%
8Rio Grande
80%
14Niger
75%
11Lena
65%
12Mekong
65%
7Ob
65%
20Euphrates
60%
19Indus
60%
13Mackenzie
60%
5Yenisei
60%
10Amur
55%
15Brahmaputra
50%
16Murray
50%
23Yukon
50%
24São Francisco
30%
25Syr Darya
15%
17Tocantins
15%
21Madeira
10%
22Purús
10%

Score Distribution

Percentile by Number Answered

Percent of People with Each Score

Your Score History

You have not taken this quiz